Les meilleures dessertes de gares Transilien vers Paris - Statistiques

Statistiques générales
  • Ce quiz a été pris 150 fois
    78 depuis la dernière actualisation
  • Le résultat moyen est 13 sur 21
Statistiques - réponses
Lignes correspondantes Fréquence par heure Fréquence d'un train Précisions Réponse % Correct
12 trains L, 24 à 30 trains A + 4 train U + 16 trains E 56-62 trains 1 min La Défense
98%
18-20 trains A 18-20 trains 3 min Nanterre-Préfecture
78%
12 trains D, 16 trains H 28 trains 2 min Dans le sens de la pointe Saint-Denis
75%
14-16 trains A, 8 trains E 22-24 trains 2-3 min Dans le sens de la pointe Val de Fontenay
74%
20 trains B, 4 trains K 24 trains 2-3 min Dans le sens de la pointe Aulnay-sous-Bois
69%
15 trains B, 2 trains C 17 trains 3-4 min Massy-Palaiseau
69%
4 trains H, 4 trains C, 6 trains J 14 trains 4-5 min Pontoise
69%
10 trains N, 4 trains U, 4 trains C + TER 18 trains 3 min Dans le sens de la pointe Versailles-Chantiers
69%
24-30 trains A 24-30 trains 2 min Vincennes
69%
6 trains J, 8 trains C, 12 trains H 26 trains 2-3 min Ermont-Eaubonne
68%
10 trains A, 5 trains L, 3 trains J 18 trains 3 min Houilles-Carrières-sur-Seine
63%
8 trains D, 8 trains C 16 trains 3-4 min Dans le sens de la pointe Juvisy
63%
20 trains B 20 trains 3 min Bourg-la-Reine / La Plaine Stade de France / Bagneux / Arceuil / Laplace / Gentilly / La Courneuve / Le Bourget / Drancy / Le Blanc-Mesnil
62%
18 trains L, 6 trains J 24 trains 2-3 min Asnières-sur-Seine
60%
18 trains J 18 trains 3 min Argenteuil
57%
12 trains L, 4 trains U 16 trains 3-4 min Saint-Cloud
55%
8 trains N, 4 trains U, 4 trains C 16 trains 3-4 min Dans le sens de la pointe Saint-Cyr
55%
10 trains A, 5 trains L 15 trains 4 min Dans le sens de la pointe Maisons-Laffitte / Sartrouville
54%
16 trains E 16 trains 3-4 min Dans le sens de la pointe Nanterre - La Folie
51%
20 trains H 20 trains 3 min Dans le sens de la pointe Epinay-Villetaneuse
38%
14-16 trains A 14-16 trains 4 min Dans le sens de la pointe Torcy / NLG Mont d'Est
38%
Aucun quiz correspondant
Distribution des résultats
% des personnes avec chaque résultat
Percentile par nombre de réponses
Votre historique - résultats
Vous n’avez pas pris ce quiz depuis la dernière actualisation